Avatar World Leaders - Statistics

General Stats
  • This quiz has been taken 352 times
  • The average score is 11 of 20
Answer Stats
Hint Answer % Correct
Fire Nation Ozai
99%
Fire Nation Zuko
96%
Earth Kingdom Bumi
90%
Fire Nation Sozin
88%
Fire Nation Azulon
87%
Southern Water Tribe Hakoda
81%
Fire Nation Izumi
62%
Southern Water Tribe Sokka
59%
Earth Kingdom Azula
57%
Earth Kingdom Suyin
53%
Earth Kingdom Kuvira
52%
Earth Kingdom Kuei
51%
Northern Water Tribe Unalaq
51%
Southern Water Tribe Tonraq
42%
Earth Kingdom Raiko
41%
Earth Kingdom Wu
37%
Northern Water Tribe Desna
33%
Northern Water Tribe Eska
32%
Northern Water Tribe Arnook
19%
Earth Kingdom Hou-Ting
18%
No matching quizzes found
Score Distribution
Percent of People with Each Score
Percentile by Number Answered
Your Score History
You have not taken this quiz